All Flags of the World with Two Colours - Statistics

General Stats
  • This quiz has been taken 35 times
  • The average score is 32 of 38
Answer Stats
Picture Answer % Correct
Canada
100%
China
100%
Denmark
100%
Finland
100%
Georgia
100%
Albania
97%
Austria
97%
Greece
97%
Israel
97%
Japan
97%
Bangladesh
94%
Kazakhstan
94%
Bahrain
91%
Switzerland
88%
Ukraine
88%
Latvia
84%
Nigeria
84%
Qatar
84%
Saudi Arabia
84%
Sweden
84%
Vietnam
84%
Indonesia
81%
Monaco
81%
Morocco
81%
North Macedonia
81%
Afghanistan
78%
Honduras
78%
Pakistan
78%
Palau
78%
Poland
78%
Turkey
78%
Peru
75%
Tunisia
75%
Kyrgyzstan
72%
Singapore
72%
Tonga
72%
Somalia
69%
F.S. of Micronesia
66%
No matching quizzes found
Score Distribution
Percent of People with Each Score
Percentile by Number Answered
Your Score History
You have not taken this quiz